Pays européen par capitale #3 - Statistiques

Statistiques générales
  • Ce quiz a été pris 109 fois
  • Le résultat moyen est 14 sur 15
Statistiques - réponses
Capitales Réponses % Correct
Tirana Albanie
98%
Reykjavik Islande
98%
Riga Lettonie
98%
Belgrade Serbie
98%
Vilnius Lituanie
97%
Tallin Estonie
96%
Ljubljana Slovenie
96%
Minsk Bielorussie
95%
Skopje Macedoine du nord
94%
Bratislava Slovaquie
94%
Podgorica Montenegro
91%
Sarajevo Bosnie-Herzégovine
90%
Pristina Kosovo
87%
Chișinău Moldavie
84%
Vaduz Liechtenstein
81%
Aucun quiz correspondant
Distribution des résultats
% des personnes avec chaque résultat
Percentile par nombre de réponses
Votre historique - résultats
Vous n’avez pas pris ce quiz